Normal view
MARC view
- MACKENZIE L.DAVIS, DAVID A
Entry Personal Name
001 - CONTROL NUMBER
- control field: 90774
003 - CONTROL NUMBER IDENTIFIER
- control field: NUST
005 - DATE AND TIME OF LATEST TRANSACTION
- control field: 20220331150232.0
008 - FIXED-LENGTH DATA ELEMENTS
- fixed length control field: 220331|| aca||aabn | a|a d
040 ## - CATALOGING SOURCE
- Original cataloging agency: NUST
- Transcribing agency: NUST
100 ## - HEADING--PERSONAL NAME
- Personal name: MACKENZIE L.DAVIS, DAVID A
670 ## - SOURCE DATA FOUND
- Source citation: Work cat.: (NUST): MACKENZIE L.DAVIS, DAVID A., Itroduction to environmental engineering, 2013
